000 nam a22 a 4500
999 _c326153
_d326153
003 BLK
005 20201017113533.0
008 181110b bu ||||| |||| 00| 0 bu d
020 _a9789545532450
040 _aBLK
041 _aBUL
_cBUL
080 _aУкраинска литература
_b821.161.2
_x-31
_z821.161.2-31
100 _aЖадан, Сергий Викторович
_eпърви автор
_91299
139 _aЖадан, Сергий Викторович
_bЖ 15
245 _aХимн на демократичната младеж
_cСергий Жадан ; прев. от укр. Албена Стаменова.
260 _9209722
_aСофия
_bПарадокс
_c2017
300 _a171 с.
_c22 см
380 _aX
500 _aОриг. загл.: Гiмн демократичноï молодi. - Биогр. данни за авт. отбелязани на гърба на кор. - Няколко думи за преводача: с. 225
700 _9373856
_aСтаменова, Албена Проданова
_eпрев. от укр.
852 _aЦб 291181
_bЦб
942 _cKNG
_n0
_s1
_01
999 _d326153